000 00970nas a2200301 4500
001 BR2012006775
003 BR-BrBNA
005 20231205121202.0
007 ta
008 230509b bl.|||p| |||| 00| 00por d
040 _aBR-BrBNA
_bpor
_cBiblioteca Nacional de Agricultura
041 _a(Pt)
072 _aF06; P05
100 1 _aBiscaro, G.A.
100 1 _aVaz, M.A.B.
100 1 _aGiacon, G.M.
100 1 _aGomes, E.P.
100 1 _aSilva, S.B. da
100 1 _aMotomiya, A.V. de A.
245 1 _aProdutividade de duas cultivares de mamona submetidas a diferentes lâminas de irrigação suplementar
650 _aRICINUS COMMUNIS
650 _aPLANTA OLEAGINOSA
650 _aÓLEO VEGETAL
650 _aIRRIGAÇÃO POR GOTEJAMENTO
773 0 _tRevista Brasileira de Engenharia Agrícola e Ambiental (Brazil)
_xISSN 1807-1929
_g(Sep 2012), v.16(9) p. 925-930
_wBR2012006775
909 _a202311
_bLúcia
_c55
_dLúcia Elande
942 _2AGRIS
_n0
_cANA
999 _c222223
_d222223